| 000 | 00942nam a2200301 i 4500 | ||
|---|---|---|---|
| 001 | 179870 | ||
| 003 | ES-MaACL | ||
| 005 | 20250921063038.0 | ||
| 008 | 120215s2003 sp b |||| |bspa d | ||
| 020 | _a84-344-6700-3 | ||
| 080 | _a929 Trajano (37) | ||
| 080 | _a94(37)"0098/0117" | ||
| 100 | 1 |
_aBlázquez, José María, _d1926- _9141915 |
|
| 245 | 1 | 0 |
_aTrajano / _cJosé María Blázquez Martínez. |
| 250 | _a1ª ed. | ||
| 260 |
_aBarcelona : _bAriel, _c2003. |
||
| 300 |
_a309 p. : _bmapas ; _c23 cm. |
||
| 490 | 1 | _aBiografías | |
| 500 | _aVocabulario. | ||
| 504 | _aBibliografía: p. [289]-303. | ||
| 600 | 0 | 7 |
_aTrajano _cEmperador de Roma. _9111214 |
| 651 | 7 |
_aRoma- _xHistoria- _y98-117, Trajano. _9146140 |
|
| 830 | 0 |
_aBiografías _9180531 |
|
| 852 |
_aES-MaACL _9186771 _bR.146714 _jA-11970 _dOlim: N-4975 _cDEPO1 |
||
| 942 |
_2udc _cMONOGRAFIA |
||
| 999 |
_c179870 _d179870 |
||